MDQL
is popping MORE tags! Check the
thread
!
Quizzes
Events
Quiz Creation
Community
Videos
Private Events
Remove Ads
Sign In
Join for FREE
Feedback
Dark Mode
Quiz Categories
Sports
Geography
Music
Movies
Television
Just For Fun
Miscellaneous
History
Literature
Language
Science
Gaming
Entertainment
Religion
Holiday
For Kids
Quiz Lab
Recent
Popular Today
Quiz Kudos Today
Editor Picks
Curator Picks
Quizzes by...
Day
Popularity
Type
Ratings
Length
Year
Community
Subscriptions
Recent Discussions
Orange Saloon
Badges
Playlists
Quests
Create
Leaderboards
Showdown
Live 5
Trivia Bingo
Activity
Puzzle Library
Sporcle Events
Private Events
Virtual Trivia
Globe League
Become a Host
Pub Owners
SporcleCon
Opinionation
Our Games
Videos
Blog
Mobile Apps
Partnerships
Remove Ads and Go Orange
Feedback
Literature
Harry Potter
A Song of Ice and Fire
The Hunger Games
Literary Character
Shakespeare
Book
Author
Novel
Poem
Young Adult
Children's Books
Play
Lord of the Rings
Literature
Harry Potter
A Song of Ice and Fire
The Hunger Games
Literary Character
Shakespeare
Book
Author
Novel
Poem
Young Adult
Children's Books
Play
Lord of the Rings
Random Quiz
Search Sporcle
×
Quiz Lab
Quiz Lab
Literature
Author
Type in answers that appear in a list
Type in answers that appear in a list
Classic
Best Score? Go Orange.
The 100 Best Novels of the 20th Century Stats
Can you name the 100 best novels of the 20th Century as decided by the board of Modern Library?
By
oliverhancock
15m
100 Questions
813 Plays
813 Plays
813 Plays
Comments
Comments
Give Quiz Kudos
Give Quiz Kudos
-
- Ratings
hide this ad
Replay
Link that replays current quiz
Next Quiz
Link to next quiz in quiz playlist
You Got
0%
They Got
Avg Score
51%
Avg Friend Score
Upgrade to see
Score Distribution
Jump to the score distribution portion of the page
Score
0/100
Timer
15:00
0
Plays Today
Rank
Novel
% Correct
2
The Great Gatsby
96.8%
13
1984
94.5%
1
Ulysses
92%
10
The Grapes of Wrath
91.8%
7
Catch 22
89.9%
5
Brave New World
89.7%
4
Lolita
88.8%
31
Animal Farm
88.6%
18
Slaughterhouse-Five
84.1%
64
The Catcher in the Rye
82.3%
67
Heart of Darkness
81.8%
41
Lord of the Flies
80.7%
6
The Sound and the Fury
80.2%
3
A Portrait of the Artist as a Young Man
76.8%
55
On the Road
75.5%
15
To the Lighthouse
74.4%
19
Invisible Man
72.7%
65
A Clockwork Orange
70.6%
88
The Call of the Wild
70.6%
9
Sons and Lovers
69.5%
45
The Sun Also Rises
68.6%
74
A Farewell to Arms
67.3%
25
A Passage to India
66.3%
35
As I Lay Dying
65.1%
80
Brideshead Revisited
61%
77
Finnegans Wake
60.3%
90
Midnight's Children
59.7%
28
Tender is the Night
58.1%
58
The Age of Innocence
57.4%
14
I, Claudius
56.1%
50
Tropic of Cancer
56.1%
79
A Room with a View
56%
85
Lord Jim
55.5%
56
The Maltese Falcon
55.1%
Rank
Novel
% Correct
36
All the King's Men
54.1%
17
The Heart Is a Lonely Hunter
53.4%
38
Howards End
53.4%
20
Native Son
53.1%
49
Women in Love
52.2%
52
Portnoy's Complaint
51.8%
78
Kim
51.5%
16
An American Tragedy
51.4%
54
Light in August
50.1%
53
Pale Fire
49.7%
39
Go Tell It on the Mountain
49.3%
94
Wide Sargasso Sea
49%
86
Ragtime
47.8%
76
The Prime of Miss Jean Brodie
47.2%
11
Under the Volcano
46.5%
51
The Naked and the Dead
45.8%
33
Sister Carrie
45.4%
66
Of Human Bondage
45.3%
23
USA (trilogy)
45%
47
Nostromo
44.6%
24
Winesburg, Ohio
43.8%
61
Death Comes for the Archbishop
42.8%
69
The House of Mirth
42.8%
96
Sophie's Choice
42.6%
30
The Good Soldier
42.2%
81
The Adventures of Augie March
41.7%
27
The Ambassadors
41.5%
68
Main Street
41.2%
8
Darkness at Noon
41.1%
46
The Secret Agent
41.1%
48
The Rainbow
40.7%
42
Deliverance
40.5%
37
The Bridge of San Luis Rey
39.5%
100
The Magnificent Ambersons
38.5%
Rank
Novel
% Correct
73
The Day of the Locust
38%
32
The Golden Bowl
37.6%
93
The Magus
37.5%
75
Scoop
37.3%
98
The Postman Always Rings Twice
37.3%
40
The Heart of the Matter
37.1%
34
A Handful of Dust
37%
26
The Wings of the Dove
36.9%
72
A House for Mr Biswas
36.8%
62
From Here to Eternity
36.7%
21
Henderson the Rain King
35.9%
60
The Moviegoer
35.4%
97
The Sheltering Sky
35.3%
83
A Bend in the River
34.2%
12
The Way of All Flesh
34.1%
22
Appointment in Samarra
33.6%
91
Tobacco Road
33.3%
92
Ironweed
33.1%
43
A Dance to the Music of Time (series)
33%
70
The Alexandria Quartet
32.3%
95
Under the Net
32%
57
Parade's End
31.6%
44
Point Counter Point
31.1%
29
Studs Lonigan (trilogy)
30.8%
82
Angle of Repose
30.5%
59
Zuleika Dobson
29.6%
89
Loving
28.8%
84
The Death of the Heart
28.3%
71
A High Wind in Jamaica
27.8%
99
The Ginger Man
27.8%
63
The Wapshot Chronicle
27.1%
87
The Old Wives' Tale
26.2%
Quiz Playlist
Details
Report
Send in Message
Add To Playlist
Classic:
Type in answers that appear in a list
Quiz Source
Last Updated: Feb 16, 2017
Quiz Scoreboard
CHALLENGE
Sign Up to Join the Scoreboard
Show All
Scores
Hide
Comments
May contain spoilers
Recently Published
Street Fighter Characters
by Artimus82
Gaming
60s
9x9 Crossword: Cartoon Network
by jackfrog10
Miscellaneous
3m
College Basketball Coaching Resumes
by pancakes188
Sports
9m
More to Explore
Quiz From the Vault
Featured Blog Post
Where Did the Easter Bunny Come From?
hide this ad
You Might Also Like...
Tags
Author Quiz
Novel Quiz
100
20th Century
Today's Top Quizzes in Literature
Browse Literature
hide this ad
Today's Top Quizzes in Author
Browse Author
Top Contributed Quizzes in Literature
1
Sneaky Slytherin Logic Puzzle
2
Get The Picture: Black or White Literature
3
5-to-1: Plays
4
A Court of Thorns and Roses (ACoTaR) Logic Puzzle
5
One Thing in Common: Literature
6
One Thing in Common: Literature II
7
One Thing in Common: Books
8
One Thing in Common: Literature 3
9
One Thing in Common: Books II
10
Literary Siblings Odd One Out III
Explore More
Trending Topics
Marvel
Crossword
Disney
Kpop
NBA
Harry Potter
Anime
Puzzle
NFL
Pokémon
Country
WWE
The Office
Soccer
Song
hide this ad
More By:
oliverhancock
Quiz
Plays
Rating
Category
Featured
Created
Books to Read Before You Die
1,197
3.11
Literature
Apr 12, 2010
Directors of Oscar Winners (1970-2014)
917
3.92
Movies
Feb 16, 2010
Premiership's Greatest Foreign Players
824
4.50
Sports
Oct 18, 2010
The 100 Best Novels of the 20th Century
813
4.11
Literature
Sep 28, 2010
IGN's Top 25 Comic Book Movies
670
4.56
Movies
Feb 7, 2012
Go to Creator's Profile
Score Distribution
Quiz Creator Spotlight
oliverhancock
Follow
Send a Message
Quizzes Created
-
Created Quiz Play Count
-
More By This Creator
Popular Quizzes Today
1
Find the US States - No Outlines Minefield
2
Find the Countries of Europe - No Outlines Minefield
3
The Countries of the World
4
Find the US States
5
Risky Map Clicking: Biggest States A-Z
6
US States
7
Popular People in 1961
8
Movies - When Are They Set?
More Literature Quizzes
Famous Poems' Last Lines
Published
Trending Quizzes
Risky Map Clicking: Least Populous States A-Z
Billboard Blitz: Aretha Franklin
Famous Russians: Author or Composer?
1-10 Letter G Words
Countries of the World: 200 Million BC
Recently Updated
Leaping Animals
pecheneg
Reality TV Shows (A-Z)
bhenderson79
Rickey Henderson's Hall of Fame Teammates
pecheneg
Champions League XIs: Arsenal
pecheneg
Quick Pick: Celebrities in WWE's Hall of Fame
aduchscher
A-Z Keypad Blitz II
pecheneg
Multiple Oscar Actors
pecheneg
Mystery Phrase Blitz: Oscar 'Best Actors'
pecheneg
F. Scott Fitzgerald Novels
LTH
Pick 3 Villains
ddd62291
Trending Topics
Marvel
Disney
Anime
Crossword
Harry Potter
Kpop
NBA
Puzzle
WWE
Song
NFL
The Office
Pokémon
Soccer
Country
Your Account Isn't Verified!
In order to create a playlist on Sporcle, you need to verify the email address you used during registration. Go to your
Sporcle Settings
to finish the process.
Report this User
Report this user for behavior that violates our
Community Guidelines
.
Details:
Send Report
Go to the Sporcle.com Mobile Site →
Comments